Normal view
MARC view
Entry Personal Name
001 - CONTROL NUMBER
- control field: 45286
003 - CONTROL NUMBER IDENTIFIER
- control field: dpl
005 - DATE AND TIME OF LATEST TRANSACTION
- control field: 20120418121302.0
008 - FIXED-LENGTH DATA ELEMENTS
- fixed length control field: 120418|||a|||||| | ||| d
040 ## - CATALOGING SOURCE
- Original cataloging agency: dpl
- Transcribing agency: dpl
100 ## - HEADING--PERSONAL NAME
- Personal name: Macfarlane, Iris
670 ## - SOURCE DATA FOUND
- Source citation: Work cat.: (dpl): Macfarlane, Iris, Daughters of the empire :, 2006
670 ## - SOURCE DATA FOUND
- Source citation: Work cat.: (dpl): Macfarlane, Iris, Daughters of the empire :, 2006
